Statistics for Juventus Players to have Scored 2003/04 - 2014/15

Click here to take the quiz!

General Stats

  • This quiz has been taken 749 times
  • The average score is 43 of 82

Answer Stats

PositionNationalityAnswer% Correct
DFItalyGiorgio Chiellini
93%
FWItalyAlessandro Del Piero
91%
DFItalyLeonardo Bonucci
89%
MFCzech RepPavel Nedved
88%
FWSwedenZlatan Ibrahimovic
88%
MFChileArturo Vidal
86%
FWSpainAlvaro Morata
85%
MFFrancePaul Pogba
85%
MFItalyAndrea Pirlo
84%
FWArgentinaCarlos Tevez
83%
FWFranceDavid Trezeguet
83%
MFItalyClaudio Marchisio
83%
DFItalyAndrea Barzagli
83%
MFItalyMarco Marchionni
83%
DFSwitzerlandStephan Lichtsteiner
74%
FWSpainFernando Llorente
74%
DFItalyFabio Cannavaro
73%
FWMontenegroMirko Vucinic
73%
MFGhanaKwadwo Asamoah
71%
FWRomaniaAdrian Mutu
70%
DFUruguayMartin Caceres
69%
DFFrancePatrice Evra
67%
DFItalyGianluca Zambrotta
64%
MFItalyMauro Camoranesi
62%
FWItalyAlessandro Matri
60%
MFFrancePatrick Vieira
60%
FWItalySebastian Giovinco
58%
FWBrazilAmauri
57%
FWItalyFabio Quagliarella
56%
MFBrazilFelipe Melo
54%
MFBrazilDiego
54%
MFSerbiaMilos Krasic
54%
DFUruguayPaolo Montero
54%
MFBrazilEmerson
53%
MFMaliMohamed Sissoko
53%
MFDenmarkChristian Poulsen
53%
DFCroatiaIgor Tudor
52%
DFSwedenOlof Mellberg
52%
FWUruguayMarcelo Zalayeta
50%
FWBulgariaValeri Bojinov
50%
MFArgentinaRoberto Pereyra
49%
DFCzech RepZdenek Grygera
49%
FWItalyVincenzo Iaquinta
49%
MFGhanaStephen Appiah
49%
MFBosnia and HerzHasan Salihamidzic
48%
FWItalyLuca Toni
48%
MFItalySimone Pepe
46%
DFCroatiaRobert Kovac
45%
DFFranceJonathan Zebina
44%
DFItalyPaolo De Ceglie
44%
DFItalyNicola Legrottaglie
42%
DFItalyFabio Grosso
42%
DFFranceJean-Alain Boumsong
41%
FWItalyMarco Di Vaio
40%
DFItalyCiro Ferrara
40%
MFParaguayMarcelo Estigarribia
40%
DFItalyGianluca Pessotto
40%
MFFranceKingsley Coman
39%
MFItalyAntonio Conte
38%
DFItalyAlessandro Birindelli
38%
MFItalySimone Padoin
35%
MFItalyCristiano Zanetti
35%
FWItalyMarco Borriello
34%
DFItalyMark Iuliano
34%
DFItalyAngelo Ogbonna
34%
FWItalyFabrizio Miccoli
32%
MFItalyMatteo Paro
31%
MFItalyEmanuele Giaccherini
31%
FWItalyRaffaele Palladino
31%
DFItalyCristian Molinaro
28%
MFArgentinaSergio Almiron
28%
DFItalyMarco Motta
28%
FWItalyDani Osvaldo
27%
MFUruguayRuben Olivera
26%
DFItalyFederico Peluso
25%
MFItalyAlberto Aquilani
25%
MFItalyAntonio Candreva
25%
DFItalyFederico Balzaretti
24%
MFItalyLuca Marrone
23%
FWItalyNiccolo Giannetti
22%
MFItalyEnzo Maresca
20%
MFItalyRaffaele Blanco
12%

Score Distribution

Percentile by Number Answered

Percent of People with Each Score

Your Score History

You have not taken this quiz